Ultimate U.S. City Skylines - Statistics

General Stats
  • This quiz has been taken 1,068 times
  • The average score is 22 of 72
Answer Stats
Picture Answer % Correct
New York City
99%
Chicago
93%
Seattle
92%
Washington D.C.
91%
St. Louis
87%
Los Angeles
86%
Philadelphia
80%
Las Vegas
79%
Boston
72%
San Francisco
68%
Detroit
61%
San Diego
54%
Salt Lake City
52%
Anchorage
51%
Miami
50%
Dallas
48%
Denver
48%
Pittsburgh
48%
Atlanta
44%
Houston
44%
Cleveland
41%
Memphis
41%
Cincinnati
40%
Nashville
40%
Phoenix
38%
Kansas City
35%
Baltimore
32%
Charlotte
31%
Jacksonville
30%
Oklahoma City
30%
Minneapolis
28%
Indianapolis
25%
Tampa
25%
Boise
23%
Portland
20%
Columbus
18%
Louisville
18%
Milwaukee
18%
New Orleans
18%
San Antonio
18%
Omaha
16%
Madison
15%
Reno
15%
Honolulu
14%
Austin
13%
Des Moines
13%
Fort Worth
13%
Albuquerque
12%
Buffalo
12%
Raleigh
11%
Hartford
10%
Knoxville
10%
Orlando
10%
St. Paul
10%
Tulsa
10%
Birmingham
9%
Fresno
9%
Sacramento
9%
Albany
7%
Duluth
7%
Grand Rapids
7%
San Jose
7%
Toledo
7%
Wichita
7%
Little Rock
6%
Syracuse
6%
Dayton
5%
Greensboro
5%
Norfolk / Virginia Beach
5%
Spokane
5%
Baton Rouge
3%
Youngstown
3%
No matching quizzes found
Score Distribution
Percent of People with Each Score
Percentile by Number Answered
Your Score History
You have not taken this quiz